The Greatest Generation (Registro nro. 2060)
[ vista simple ]
| 000 -LEADER | |
|---|---|
| fixed length control field | 01144nam a22002057a 4500 |
| 003 - CONTROL NUMBER IDENTIFIER | |
| control field | OSt |
| 005 - DATE AND TIME OF LATEST TRANSACTION | |
| control field | 20260409115315.0 |
| 008 - FIXED-LENGTH DATA ELEMENTS--GENERAL INFORMATION | |
| fixed length control field | 260409b |||||||| |||| 00| 0 eng d |
| 082 ## - DEWEY DECIMAL CLASSIFICATION NUMBER | |
| Edition number | 0375502025 |
| Classification number | 0375502025 |
| Item number | 0375502025 |
| 100 ## - MAIN ENTRY--PERSONAL NAME | |
| Personal name | Tom Brokaw. |
| 245 ## - TITLE STATEMENT | |
| Title | The Greatest Generation |
| 250 ## - EDITION STATEMENT | |
| Edition statement | Edición original |
| 260 ## - PUBLICATION, DISTRIBUTION, ETC. | |
| Place of publication, distribution, etc. | Estados Unidos. |
| Name of publisher, distributor, etc. | Random House. |
| Date of publication, distribution, etc. | 1998 |
| 300 ## - PHYSICAL DESCRIPTION | |
| Extent | 432 páginas. |
| Dimensions | 24.1 cm X 16.3 cm |
| 490 ## - SERIES STATEMENT | |
| Materials specified | Tapa dura Hardcover |
| 520 ## - SUMMARY, ETC. | |
| Summary, etc. | En esta obra, Brokaw rinde homenaje a la generación de estadounidenses que nació en la década de 1920, creció durante la Gran Depresión y luchó en la Segunda Guerra Mundial. El autor argumenta que esta es la "generación más grande que cualquier sociedad haya producido jamás", destacando valores como el deber, el honor y la responsabilidad personal. El libro recopila historias personales de individuos tanto famosos (como George H.W. Bush o Julia Child) como ciudadanos comunes que ayudaron a construir el Estados Unidos moderno tras la guerra. |
| 650 ## - SUBJECT ADDED ENTRY--TOPICAL TERM | |
| Topical term or geographic name entry element | Part I: The Test |
| Form subdivision | Part III: Heroes |
| General subdivision | Part II: Home Front |
| 700 ## - ADDED ENTRY--PERSONAL NAME | |
| Personal name | Tom Brokaw |
| 942 ## - ADDED ENTRY ELEMENTS (KOHA) | |
| Source of classification or shelving scheme | Dewey Decimal Classification |
| Koha item type | Libros |
| Suppress in OPAC | No |
| Withdrawn status | Lost status | Source of classification or shelving scheme | Damaged status | Not for loan | Collection | Home library | Current library | Shelving location | Date acquired | Source of acquisition | Coded location qualifier | Inventory number | Total checkouts | Full call number | Barcode | Date last seen | Copy number | Price effective from | Koha item type |
|---|---|---|---|---|---|---|---|---|---|---|---|---|---|---|---|---|---|---|---|
| Dewey Decimal Classification | Estantería F Fila 2 | Biblioteca Stanford | Biblioteca Stanford | Biblioteca Abierta | 09.04.2026 | LECTURA | 0484 | 0484 | LECTURA | BIBLIO0484 | 09.04.2026 | 1 | 09.04.2026 | Libros |